000 00519nam a2200205Ia 4500
003 OSt
005 20230505092421.0
008 210423s2005 xx 000 0 und d
020 _a8176489298
040 _cAL
041 _aeng
082 _a660.6 BANM
100 _aBANERJEE (Meenakshi).
_998399
245 _aBiotechnology: a glossary.
260 _aNew Delhi
_bA P H Publishing Corporation
_c2005
300 _aviii,337
_bPB
365 _b895
_cINR
906 _aBiotechnology: ; glossary.
942 _2ddc
_cBK
999 _c163281
_d163281